Statistics for Guess the kpop band

Click here to take the quiz!

General Stats

  • This quiz has been taken 233 times
  • The average score is 11 of 20

Answer Stats

Song TitleAnswer% Correct
Fake LoveBTS
96%
Love ShotEXO
96%
Love ScenarioiKON
85%
The Best Thing I Ever DidTwice
78%
Pirate KingAteez
75%
Bad BoyRed Velvet
74%
Simon SaysNCT 127
72%
I Am YouStray Kids
67%
Shoot OutMonsta X
62%
Oh My!Seventeen
56%
We Go UpNCT DREAM
44%
Days Gone ByDay6
43%
RollercoasterChungha
36%
Love BombFromis_9
35%
I Love YouEXID
29%
EverydayWinner
28%
Mammia MiaSF9
23%
ScentistVIXX
22%
Save Me, Save YouWJSN
21%
Always YouAstro
19%

Score Distribution

Percentile by Number Answered

Percent of People with Each Score

Your Score History

You have not taken this quiz